00731 a2200193 4500999001500000010001400015020002300029035001300052037001500065082001000080100002100090245008600111260003800197270008400235300002800319500005000347942002900397952011100426 c4458d4458 aENG-86350 a8131300595c495.00 aEN-69883 bDBAD / PUB14a581.11 akannan, Seshadri1 aAdvances in plant physiology :cby Seshadri Kannanbfrom the green to the grain / aNew DelhibA P H Publishingc2007 a5, Ansari Road, Darya GanjbNew Delhie110 002k011-23274050maphbooks@vsnl.net axv, 189 p.c22cm. (Hb.) aIncludes bibliographical references and index adplcEN2ddch581.1mKAN 001040718NFICaDBADbDBADeDBAD/PUBg495.00l0o581.1 KANpEN-69883r2008-09-15 00:00:00t1v495.00yEN